The Feynman lectures on physics
Uloženo v:
| Hlavní autoři: | , , |
|---|---|
| Médium: | Kniha |
| Jazyk: | angličtina |
| Vydáno: |
Nueva York
Basic Books
2010
|
| Vydání: | 3a. ed |
| Edice: | New Millenium Edition
|
| Témata: | |
| Tagy: |
Přidat tag
Žádné tagy, Buďte první, kdo vytvoří štítek k tomuto záznamu!
|
MARC
| LEADER | 00000cam a2200000 a 4500 | ||
|---|---|---|---|
| 001 | UCF4096 | ||
| 003 | CL-VaPUC | ||
| 008 | 121122e20100000US |||||||||||||||||eng|d | ||
| 020 | |a 9780465024933v.1 | ||
| 082 | 0 | 4 | |a 530 |b FEY |2 21 |
| 100 | 0 | |a Feynman, Richard Phillips |e author |9 340476 | |
| 700 | |a Leighton, Robert B |e author |9 565740 | ||
| 700 | 0 | |a Sands, Matthew |e author |9 565741 | |
| 245 | 1 | 4 | |a The Feynman lectures on physics |
| 250 | |a 3a. ed | ||
| 300 | |a v | ||
| 942 | |c BK | ||
| 945 | |d 20121122 00:00:00 |a cmena | ||
| 260 | |a Nueva York |b Basic Books |c 2010 | ||
| 500 | |a v.1: Mainly mechanics, radiation, and heat | ||
| 500 | |a v.3: Quantun mechanics | ||
| 650 | 0 | |a Física |9 227844 | |
| 650 | 0 | |a Radiación |9 259874 | |
| 650 | 0 | |a Calor |9 260253 | |
| 650 | 7 | |a MECANICA FISICA |2 CL-VaPUC |9 531911 | |
| 490 | 0 | |a New Millenium Edition | |
| 999 | |c 350073 |d 350071 | ||
| 583 | |k Rodrigo Vera | ||
| 952 | |0 0 |1 0 |4 0 |6 530_000000000000000_FEY_2010 |7 0 |8 A |9 453059 |a BIBCUR |b BIBCUR |d 2019-11-22 |h v.1 |i 4924525 |l 3 |o 530 FEY 2010 |p 4924525 |r 2025-04-22 |s 2023-10-11 |w 2019-11-22 |y BK |k FIS | ||
| 952 | |0 0 |1 0 |3 erb |4 0 |6 530_000000000000000_FEY_2010 |7 0 |8 A |9 453060 |a BIBCUR |b BIBCUR |d 2019-11-22 |h v.2 |i 4921372 |l 2 |o 530 FEY 2010 |p 4921372 |r 2025-04-22 |s 2025-03-20 |w 2019-11-22 |y BK |k FIS | ||
| 952 | |0 0 |1 0 |3 erb |4 0 |6 530_000000000000000_FEY_2010 |7 0 |8 A |9 453061 |a BIBCUR |b BIBCUR |d 2019-11-22 |h v.3 |i 4927834 |o 530 FEY 2010 |p 4927834 |r 2025-04-22 |w 2019-11-22 |y BK |k FIS | ||